| 000 | 02568cam a22005174i 4500 | ||
|---|---|---|---|
| 003 | PE-LiUPU | ||
| 005 | 20250731172809.0 | ||
| 008 | 150617s r 000 0 d | ||
| 020 | _a8430411704 | ||
| 035 | _a(Sirsi) i9788430411702 | ||
| 040 |
_aPE-LiUPU _bspa _cPE-LiUPU _erda |
||
| 049 | _aPRUA | ||
| 082 | 0 | 4 |
_a234.2 _bF64 _221 |
| 100 | 1 |
_aFlorkowski, Joseph, _eautor. |
|
| 245 | 1 | 3 |
_aLa teología de la fe en Bultmann / _cJoseph Florkowski ; traducción del francés por Eloy Requena. |
| 264 | 1 |
_aMadrid : _bEdiciones Stvdivm, _c1973. |
|
| 300 |
_a260 páginas ; _c21 centímetros |
||
| 336 |
_atext _2rdacontent |
||
| 337 |
_aunmediated _2rdamedia |
||
| 338 |
_avolume _2rdacarrier |
||
| 504 | _aIncluye bibliografía. | ||
| 505 | 0 | _aLa fe como relación del hombre a Dios. -La fe y la existencia del hombre. -La fe y sus desviaciones. -La paradoja de la fe. -La fe y la palabra de Dios. -La fe y la desmitologización. -La fe y la escatología. -Creer y comprender. -La fe y el análisis existencial. -Bultmann y Heidegger. -Bultmann y la interpretación de la escritura. -Los principios rectores de la teología de la fe en Bultmann. -La fe y su fundamento ontológico. -Internacionalidad de la fe y apertura de la existencia. -La existencia creyente y la muerte. -Historicidad de la existencia e historia de la palabra de Dios. -Dimensiones histórica y escatólogica del acontecimiento salvífico. -El acontecimiento salvador y el Kerigma. -Jesucristo. -Más allá del mito y del Kerigma. | |
| 526 | _aSEG42 | ||
| 526 | _aSEG41 | ||
| 526 | _aSEG40 | ||
| 526 | _aSEG39 | ||
| 526 | _aP94 | ||
| 526 | _aP87 | ||
| 526 | _aP86 | ||
| 526 | _aP85 | ||
| 526 | _aP77 | ||
| 526 | _aP76 | ||
| 526 | _aP35 | ||
| 600 | 1 |
_aBultmann, Rudolf Karl. _d1884-1976 |
|
| 650 | 0 | 4 |
_aFe. _93098 |
| 910 |
_ajck _bjvq _cjck _d20150616 |
||
| 942 |
_2ddc _cBOOK |
||
| 949 |
_a234.2 F64 _wDEWEY _c1 _i19987 _lCCODEBUL1 _mBUL _r0 _sY _tBOOK _u2015-6-17 _xTEOLOGIA _PP35 _0COMPRA _o.STAFF. Colección General |
||
| 949 |
_a234.2 F64 _wDEWEY _c2 _i17922 _lCCODEBUL1 _mBUL _r0 _sY _tBOOK _u2015-6-17 _xTEOLOGIA _PP35 _0COMPRA _o.STAFF. Colección General |
||
| 994 |
_aC0 _bPEPRU |
||
| 596 | _a1 | ||
| 999 |
_a234.2 F64 _wDEWEY _c3850 _i19987 _f2021-11-11 _g5 _lCCODEBUL1 _mBUL _r0 _sY _tBOOK _u2015-6-17 _xTEOLOGIA _PP35 _0COMPRA _o.STAFF. Colección General _d3850 |
||
| 999 |
_a234.2 F64 _wDEWEY _c2 _i17922 _f2021-11-11 _g5 _lCCODEBUL1 _mBUL _r0 _sY _tBOOK _u2015-6-17 _xTEOLOGIA _PP35 _0COMPRA _o.STAFF. Colección General |
||
| 980 |
_81 _gALBERTO SANCHEZ Responsable de Automatización |
||